000 00710cam a2200217 4500
001 WB3614-20
008 000000n2000 000 0 eng u
035 _a(Sirsi) u105210
245 _aProperty buying spree
260 _c2000
490 _aEstates Gazette
_v(0013) 1 April 2000, 47(1)
520 _aFigures released by the Office for National Statistics suggest that UK institutions spent £2.9bn on property in 4Q 1999, the highest amount ever recorded. Graph.
590 _aWB
650 _aPROPERTY INVESTMENT
650 _aOFFICE FOR NATIONAL STATISTICS
650 _aASSET MANAGEMENT
650 _aTRANSACTIONS
650 _aINSTITUTIONAL INVESTMENT
690 _aINVESTMENT
942 _n0
999 _c63093
_d63093